|
|
|
|
| LEADER |
00000nam a2200000 i 4500 |
| 001 |
1/7723 |
| 008 |
950508s1994 eng d |
| 020 |
|
|
|a 1-85567-297-9
|
| 035 |
|
|
|l 10016811
|
| 040 |
|
|
|a GR-MY-UA
|b gre
|e aacr
|
| 041 |
0 |
|
|a eng
|
| 082 |
0 |
|
|a 325.4
|
| 100 |
1 |
|
|a Collinson, Sarah.
|
| 245 |
1 |
0 |
|a Europe and international migration /
|c Sarah Collinson
|
| 260 |
|
|
|a London :
|b Pinter,
|c 1994
|
| 300 |
|
|
|a xiv, 210 p.;
|c 24 cm
|
| 504 |
|
|
|a Includes bibliographical references and index
|
| 651 |
|
0 |
|a Europe
|x Emigration and immigration
|x Government policy.
|
| 852 |
|
|
|a INST
|b LESVOS
|e 19950508
|h 325.4 COL
|p 005100011519
|q 005100011519
|t BK
|y 0
|
| 909 |
|
|
|a Λ
|b 049663
|